000 00541nam a22001697a 4500
003 MACL
005 20160723152155.0
008 160723b xxu||||| |||| 00| 0 eng d
040 _cMACL
041 _aHindi
082 _a796 HAR
100 _aहरिवंश, टी
_965113
245 _aमानक शारीरिक शिक्षा
_cटी. हरिवंश
260 _aनई दिल्‍ली
_bपुस्‍तक प्रतिष्‍ठान
_c2014
650 _aखेल
_953082
942 _2ddc
_cHIN
999 _c54806
_d54806